Statistics for Catherine Tate Characters

Click here to take the quiz!

General Stats

  • This quiz has been taken 15 times
  • The average score is 13 of 39

Answer Stats

HintAnswer% Correct
Am I bovvered?Lauren Cooper
100%
Come up and see me aintchya!Nan
91%
Irish NurseBernie
73%
Who, dear? Me, dear? Gay, dear? No, dear!Derek Faye
73%
Can I borrow your nice non-slip hole puncher?Geordie Georgie
73%
Run for your lives children, we're all going to die!Aga Saga Woman
55%
Finds love on the internetElaine Figgis
55%
I dunno!Sam
55%
Doncaster SpinnersBunty Carmichael
36%
You know what they say about a man who likes a bit of chrome in his kitchenDrunk estate agent
36%
Screams when she hiccupsFrightened Woman
36%
Oh right yeah god no, Ding Dong merrily on highAlly
27%
Just give them one swift...Backhander woman
27%
I can do thatHelen Marsh
27%
Visited by Desmond Tutu, Mikhail Gorbachev and Henry VIIIIrene
27%
This is in Harrogate!Janice
27%
Just have a guess!Kate
27%
Makes a noose out of a balloonLady Clown
27%
and I'm like...Valley Girl
27%
I'm a fiery Taurean with my moon in Uranus, careful, I'll do the jokes!Amanda
18%
Injection of collagenBotox babe
18%
It would have probably been redCrap Croupier
18%
Her children drew whiskers on a dead body.DI Angie Barker
18%
Actor who impersonates comedian at critical point in sceneFrankie Howerd Impressionist
18%
I wouldn't have thought you'd find anyone too reliable who goes around breaking windowsInformation Woman
18%
He's a gay man nowJohn Reilly's mum
18%
Can't work a computerLaura Powers
18%
Only character not played by TateMartin Webb
18%
Lives in the 1950sMa Willow
18%
The Birmingham SixMoo Shepherd
18%
You have little man syndromeNew Parents
18%
Arrested twice for drunken behaviour at the OktoberfestNot drunk enough woman
18%
Last hitSandra Graham
18%
Sent to a ginger safe houseSandra Kemp
18%
Disapproves of everyone's behaviour and then breaks windSheila Carter
18%
I think I'll just go and get a bag of monster munchSnack food woman
18%
The world is a figment of someone's imagination, WhittakerThe enigmatic cop
18%
Owns successful wig emporiumTrudy
18%
Forgets her husband's nameVictoria Russell
18%

Score Distribution

Percentile by Number Answered

Percent of People with Each Score

Your Score History

You have not taken this quiz